1848 1746 1130 1362 1647 1650 1271 1166 1764 1099 1940 1413 1221 1159 1113 1262 1921 1383 1039 1379 1767 1018 1468 1339 1313 1688 1317 1511 1208 1009 1124 1283 1280 1095 1412 1007 1504 1218 1210 1203 1996 1776 1992 1851 1957 1521 1133 1126 1470 1734 1697 1061 1767 1172 1837 1500 1266 1145 1562 1457 1858 1599 1783 1404 1947 1135 1879 1844 1476 1622 1391 1145 1397 1916 1287 1477 1351 1134 1801 1386 1676 1390 1718 1199 1250 1506 1944 1299 1942 1300 1586 1372 1853 1070 1045 1400 1977 1275 1023 BCNSPRNW ULIB Ver.6.0+V

เปลี่ยนเป็นภาษาไทย

Change to English
 แสดงรายละเอียดบรรณานุกรม
  กลับหน้าหลัก

Brief Record : Get Marc (ISO 2709) : E-mail record : QR code < ปิดหน้าต่าง
LEADER : 00000nam 2200000uu 4500
001    13399126747
003     ULIB
008    190226s2014||||th 000 0 tha d
020    ^a9781451130171^qpaperback
020    ^a1451130171^qpaperback
060    ^aWA950^bG548h
100 1  ^aGlaser, Anthony N.
245 10 ^aHigh-yield biostatistics, epidemiology, & public health /^cAnthony N. Glaser, MD, PhD, Clinical Assistant Professorof Family Medicine, Department of Family Medicine, MedicalUniversity of South Carolina, Charleston, South Carolina.
246 3  ^aHigh-yield biostatistics, epidemiology, and public health
250    ^aFourth edition.
260    ^aPhiladelphia :^bWolters Kluwer Health/Lippincott Williams & Wilkins,^c[2014]
300    ^aix, 110 pages :^billustrations ;^c26 cm
500    ^aEarlier title: High-yield biostatistics.
504    ^aIncludes bibliographical references (pages 105-106) andindex.
505 0  ^aDescriptive statistics -- Inferential statistics --Hypothesis testing -- Correlational and predictivetechnqiues -- Asking clinical questions: research methods-- Answering clinical questions I: searching for andassessing the evidence -- Answering clinical questions II:statistics in medical decision making -- Epidemiology andpopulation health -- Ultra-high-yield review.
650  0 ^aMedical statistics.
650  0 ^aBiometry.
650  2 ^aBiometry.
945    ^p1334^l0^i005413
999    ^aประนอม เกษจรัล
รายการนี้ยังไม่มีแท็ก
คุณยังไม่ได้ล็อกอิน คุณสามารถมีกิจกรรมร่วมกับเว็บไซต์ได้ แต่ต้องล็อกอินก่อน ::
  ล็อกอิน

รายการสื่อสารสนเทศ

ลำดับที่ ประเภท เลขเรียก/บาร์โค้ด สถานที่ สถานะ
1. วิทยาศาสตร์การแพทย์ และสุขภาพ
หนังสือสำรอง
สถานะ=หนังสือสำรอง
WA950 G548h ฉ.1 
  Barcode: 005413
ห้องสมุดวิทยาเขตสวรรค์ประชารักษ์
►หนังสือทั่วไป
บนชั้น

BibComment


ยังไม่เคยถูกคอมเมนท์

คอมเมนท์ทรัพยากรรายการนี้
  คอมเมนท์: Highyield biosta..


 Copyright 2026. Bcnsprnw @Library